| 000 | 00669nam a2200205 a 4500 | ||
|---|---|---|---|
| 001 | 1004 | ||
| 005 | 20140414131845.0 | ||
| 008 | 041013s19uu xx 00 eng d | ||
| 050 |
_aM 220.9 _bD37 Bk.4 |
||
| 100 | _aDegering, Etta | ||
| 245 |
_aMy Bible friends, bk. 4 / : _cEtta Degering. _bSamuel, the Little Priest--David, the Youngest Boy / |
||
| 260 |
_aManila, Philippines : _bPhilippine Publishing, _c[n.d.] |
||
| 300 | _a1 v. : ill. ; cm. | ||
| 440 | _aMy Bible friends | ||
| 500 | _aContents: Samuel, the Little Priest--David, the Youngest Boy. | ||
| 650 |
_aBible stories _xO.T. |
||
| 650 | _aBible Character, O.T. | ||
| 999 |
_c109883 _d109883 |
||